000 01151naa a22002777a 4500
001 BR9400409
003 BR-BrBNA
005 20240918180927.0
007 ta
008 230509b bl.||||| |||| 00| 0 por d
040 _aBR-BrBNA
_bpor
_cBiblioteca Nacional de Agricultura
041 _a(Pt)
072 _aJ10
_b/G514
090 _aJ10 BR9400409
100 1 _aLara, F.W.
111 1 _aSeminario Internacional sobre Meio Ambiente, Pobreza e Desenvolvimento da Amazonia
_cBelem, PA (Brazil)
_d16-19 Feb 1992
245 1 _aTransporte fluvial, desenvolvimento e meio-ambiente na bacia Amazonica paraense
260 3 _aBelem, PA (Brasil):
_c1992.
500 _aSeminario Internacional sobre Meio Ambiente, Pobreza e Desenvolvimento da Amazonia. SIMDAMAZONIA. Anais Belem, PA (Brasil): 1992. p. 68-71 (BR9400409-AM)J10
650 _aBacia Hidrografica
650 _aTransporte Fluvial
650 _aAmazonia
773 0 _tSeminario Internacional sobre Meio Ambiente, Pobreza e Desenvolvimento da Amazonia. SIMDAMAZONIA. Anais
_wJ10 BR9400409
_gBelem, PA (Brasil), 1992. p. 68-71
909 _a202404
_bLucia
_c55
_dLucia Elande
942 _cAM
_2AGRIS
999 _c322732
_d322732